000 00235nam a2200121Ia 4500
100 _a#N/A
650 _aELECTRONICS
942 _cBK
654 _adigital
245 _aDigital signal processing
260 _b#N/A
546 _aENGLISH
999 _c24152
_d24152